| 000 | 02175cam a2200277Ia 4500 | ||
|---|---|---|---|
| 003 | data | ||
| 005 | 20260322212030.0 | ||
| 008 | data | ||
| 020 | _a0883657635 | ||
| 020 | _a9780883657638 | ||
| 040 |
_aKRL _cKRL _dBGF _dUUC _dOCL _dOCLCQ _dBTCTA _dBAKER _dFMO _dBGF |
||
| 050 | 4 |
_aPR1309.C36 _bC37 1993 |
|
| 082 | 0 | 0 |
_a823/.01/0836 _219 |
| 082 | 0 | 4 |
_a636.8 _bR |
| 092 | _a823 C37 1993 | ||
| 245 | 1 | 0 |
_aRoger Caras' treasury of great cat stories. _cRoger A. Caras. |
| 260 |
_aNew York : _bGalahad Books, _c1990, c1987. |
||
| 300 |
_axiii, 495 p. ; _c24 cm. |
||
| 505 | 0 | 0 |
_tAutumn: The garden of stubborn cats / _rItalo Calvino. _tCat by the fire / _rLeigh Hunt -- _tWhite cat / _rW.W. Jacobs -- _tBlack cat / _rEdgar Allan Poe -- _tCats / _rPhilip Gilbert Hamerton -- _tCat / _rMary E. Wilkins Freeman -- _tCalvin, the cat / _rCharles Dudley Warner -- _tYe marvelous legend of Tom Connor's cat / _rSamuel Lover -- _tDick Baker's cat / _rMark Twain -- _tConscientious cat / _rAgnes A. Sandham -- _tHe wrote to the rats / _rJulian Ralph -- _tPhilanthropist and the happy cat / _rSaki -- _tTobermory / _rSaki -- _tMidshipman, the cat / _rJohn Coleman Adams -- _tBlack affair / _rW.W. Jacobs -- _t"When in doubt - Wash!" / _rPaul Gallico -- _tJennie's lessons to Peter on how to behave like a cat / _rPaul Gallico -- _tWitch's cat / _rManly Wade Wellman -- _tFeline felony / _rLael J. Littke -- _tCyprian cat / _rDorothy L. Sayers -- _tNovice / _rJames H. Schmitz -- _tFat cat / _rQ. Patrick -- _tMy father, the cat / _rHenry Slesar -- _tSin of Madame Phloi / _rLilian Jackson Braun -- _tKing of the cats / _rStephen Vincent Benet -- _tGame of rat and dragon / _rCordwiner Smith -- _tPodolo / _rL.P. Hartley -- _tSpace-time for springers / _rFritz Leiber -- _tSpooner / _rEleanor Farjeon -- _tStory of Webster / _rP.G. Wodehouse -- _tOut of place / _rPamela Sargent -- _tCat nipped / _rJack Schaefer -- _tCat who lived in a drainpipe / _rJoan Aiken -- _tSome are born cats / _rTerry and Carol Carr -- _tAutumn: The garden of stubborn cats / _rItalo Calvino. |
| 650 | 0 |
_aCats _vFiction. |
|
| 650 | 0 | _aShort stories, English. | |
| 650 | 0 | _aShort stories, American. | |
| 700 | 1 | _aCaras, Roger A. | |
| 740 | 0 | 1 | _aTreasury of great cat stories. |
| 001 | data | ||
| 999 |
_c685 _d685 |
||